000 00282nam a22001337a 4500
008 180112b xxu||||| |||| 00| 0 eng d
020 _a2900195445830
041 _aeng
080 _a316
100 _a51
101 _aSOC
245 _aMAKING SENSE
_cMARGOT.N
942 _2udc
_cBK
999 _c40200
_d40200